000 00738nam a2200217 i 4500
001 129583
003 ES-MaACL
005 20250814052654.0
007 t|
008 070626s1959 sp ||||1| spa d
080 _a159.961
100 1 _aThivollier, Pierre.
_9109978
245 1 0 _aEs el hombre dueño o víctima de su destino /
_cP. Thivollier ; en colaboración con R. Duval Bresson ; versión española revisada por Cipriano Montserrat.
260 _aBarcelona :
_bSubirana,
_c[1959]
300 _a246 p. :
_bil. ;
_c19 cm.
650 1 7 _aParapsicología
_2embne
_915827
700 1 _aDuval Bresson, Roger.
_946380
700 1 _aMontserrat, Cipriano.
_982736
852 _aES-MaACL
_jC-17270
_bR.44917
999 _c129583
_d129583